ARRUPE JESUIT UNIVERSITY

CORONAVIRUS -STOP THE SPREAD - CLEAN,DISINFECT,COVER

Catholic higher education : (Record no. 123909)

MARC details
000 -LEADER
fixed length control field 02127cam a22003974a 4500
001 - CONTROL NUMBER
control field 14070067
003 - CONTROL NUMBER IDENTIFIER
control field ARRUPE
005 - DATE AND TIME OF LATEST TRANSACTION
control field 20151218092047.0
008 - FIXED-LENGTH DATA ELEMENTS--GENERAL INFORMATION
fixed length control field 050810s2006 nyu b 001 0 eng
010 ## - LIBRARY OF CONGRESS CONTROL NUMBER
LC control number 2005023086
015 ## - NATIONAL BIBLIOGRAPHY NUMBER
National bibliography number GBA627013
Source bnb
016 7# - NATIONAL BIBLIOGRAPHIC AGENCY CONTROL NUMBER
Record control number 013414256
Source Uk
020 ## - INTERNATIONAL STANDARD BOOK NUMBER
International Standard Book Number 0195305515 (cloth : alk. paper)
020 ## - INTERNATIONAL STANDARD BOOK NUMBER
International Standard Book Number 9780195305517
035 ## - SYSTEM CONTROL NUMBER
System control number (OCoLC)ocm61361533
040 ## - CATALOGING SOURCE
Original cataloging agency DLC
Transcribing agency DLC
Modifying agency YDX
-- BAKER
-- UKM
-- COO
-- PUL
-- DLC
042 ## - AUTHENTICATION CODE
Authentication code pcc
043 ## - GEOGRAPHIC AREA CODE
Geographic area code n-us---
050 00 - LIBRARY OF CONGRESS CALL NUMBER
Classification number LC501
Item number .M65 2006
082 00 - DEWEY DECIMAL CLASSIFICATION NUMBER
Classification number 378/.0712/73
Edition number 22
300 ## - PHYSICAL DESCRIPTION
Dimensions 24 cm.
100 1# - MAIN ENTRY--PERSONAL NAME
Personal name Morey, Melanie M.
9 (RLIN) 21407
245 10 - TITLE STATEMENT
Title Catholic higher education :
Remainder of title a culture in crisis /
Statement of responsibility, etc Melanie M. Morey, John J. Piderit.
260 ## - PUBLICATION, DISTRIBUTION, ETC. (IMPRINT)
Place of publication, distribution, etc New York :
Name of publisher, distributor, etc Oxford University Press,
Date of publication, distribution, etc 2006.
300 ## - PHYSICAL DESCRIPTION
Extent xiv, 450 p. ;
504 ## - BIBLIOGRAPHY, ETC. NOTE
Bibliography, etc Includes bibliographical references (p. [391]-438) and index.
505 0# - FORMATTED CONTENTS NOTE
Formatted contents note Context -- Introduction -- Mission and culture : an essential connection -- Models of Catholic universities -- Themes -- Faculty and students engaging the Catholic intellectual tradition -- The Catholic tradition : intellectual, moral, and social -- Student culture -- Religious activities -- Institutional culture -- Recommendations -- Cultural collapse and religious congregations of women -- Leadership and governance -- Policy packages -- Flourishing cultures.
610 10 - SUBJECT ADDED ENTRY--CORPORATE NAME
Corporate name or jurisdiction name as entry element Catholic Church
General subdivision Education (Higher)
Geographic subdivision United States.
9 (RLIN) 21408
650 #0 - SUBJECT ADDED ENTRY--TOPICAL TERM
Topical term or geographic name as entry element Catholic universities and colleges
Geographic subdivision United States.
9 (RLIN) 13020
700 1# - ADDED ENTRY--PERSONAL NAME
Personal name Piderit, John J.
9 (RLIN) 21409
856 41 - ELECTRONIC LOCATION AND ACCESS
Materials specified Table of contents
Uniform Resource Identifier <a href="http://www.loc.gov/catdir/toc/ecip0517/2005023086.html">http://www.loc.gov/catdir/toc/ecip0517/2005023086.html</a>
856 42 - ELECTRONIC LOCATION AND ACCESS
Materials specified Publisher description
Uniform Resource Identifier <a href="http://www.loc.gov/catdir/enhancements/fy0636/2005023086-d.html">http://www.loc.gov/catdir/enhancements/fy0636/2005023086-d.html</a>
856 42 - ELECTRONIC LOCATION AND ACCESS
Materials specified Contributor biographical information
Uniform Resource Identifier <a href="http://www.loc.gov/catdir/enhancements/fy0723/2005023086-b.html">http://www.loc.gov/catdir/enhancements/fy0723/2005023086-b.html</a>
906 ## - LOCAL DATA ELEMENT F, LDF (RLIN)
a 7
b cbc
c orignew
d 1
e ecip
f 20
g y-gencatlg
942 ## - ADDED ENTRY ELEMENTS (KOHA)
Source of classification or shelving scheme Library of Congress Classification
Koha item type Monograph ( Printed materials)
Holdings
Withdrawn status Lost status Source of classification or shelving scheme Damaged status Not for loan Home library Current library Date acquired Total Checkouts Full call number Barcode Date last seen Date checked out Price effective from Koha item type
    Library of Congress Classification     ARRUPE LIBRARY ARRUPE LIBRARY 18/12/2015 1 LC501 .M65 2006 46500005974 28/06/2018 07/09/2017 18/12/2015 Monograph ( Printed materials)

 

Arrupe Library. PO Box MP320 Mt Pleasant, Harare, Zimbabwe
263 242 745411|librarian@aju.ac.zw